Three Images: Guess the Movie II Quiz Stats

 Plays Quiz Updated Sep 10, 2015

Challenge
Share
Tweet
Score 0/25 Timer 12:00
0 Plays Today
% Correct
Jaws
96%
Singin' in the Rain
84.8%
Good Will Hunting
78.7%
Babe
76.3%
Ghostbusters
75.5%
Up
69.9%
Halloween
69.8%
Apollo 13
66.1%
Independence Day
60.6%
M*A*S*H
52.8%
The Wizard of Oz
50.2%
Deliverance
42.9%
The Fugitive
39.8%
% Correct
The Rocky Horror Picture Show
36.5%
The Full Monty
35.7%
Fatal Attraction
34.7%
October Sky
29.3%
Pulp Fiction
28.3%
Some Like it Hot
24.3%
Miracle on 34th Street
24.3%
Unbreakable
21.3%
The Quiet Man
14.6%
Cool Hand Luke
12.1%
Gattaca
11.2%
Meet the Robinsons
9.9%

You're not logged in!

Compare scores with friends on all Sporcle quizzes.
OR
Log In

You Might Also Like...

Show Comments

Extras

Top Quizzes Today


Score Distribution

Your Account Isn't Verified!

In order to create a playlist on Sporcle, you need to verify the email address you used during registration. Go to your Sporcle Settings to finish the process.

Report this User

Report this user for behavior that violates our Community Guidelines.

Details: